Efektivnost vědeckého rozvoje a investic
Guardado en:
| Autor principal: | |
|---|---|
| Formato: | Libro |
| Lenguaje: | checo |
| Publicado: |
Praha
Práce
1969
|
| Etiquetas: |
Sin Etiquetas, Sea el primero en etiquetar este registro!
|
MARC
| LEADER | 00000nam a2200000 4500 | ||
|---|---|---|---|
| 001 | c131421 | ||
| 005 | 20250926123413.2 | ||
| 041 | 0 | |a cze | |
| 044 | |a CZ | ||
| 245 | 1 | 0 | |a Efektivnost vědeckého rozvoje a investic |c Ladislav Říha |
| 264 | 1 | |a Praha |b Práce |c 1969 | |
| 300 | |a 277 s. | ||
| 100 | 1 | |a Říha, Ladislav | |